000 00370nam a2200133Ia 4500
005 20260328101446.0
008 260328s9999||||xx |||||||||||||| ||und||
100 _aFernández Arenas, José
245 0 _aRegard sur L'art mozarabe /
_cJosé Fernández Arenas
260 _bSocieté Francaise du Livre
300 _a111 p.
650 _aARQUITECTURA ISLÁMICA
942 _cBK
999 _c8475
_d8475